[Event "22nd ch-EUR Indiv 2022"]
[Site "Terme Catez SLO"]
[Date "2022.03.27"]
[Round "1.90"]
[White "Kozak, Adam"]
[Black "Gombocz, Ferenc Jr."]
[Result "1-0"]
[WhiteTitle "GM"]
[BlackTitle "FM"]
[WhiteElo "2525"]
[BlackElo "2188"]
[WhiteFideId "753246"]
[BlackFideId "775029"]
[EventDate "2022.03.27"]

1. Nf3 d5 2. g3 Bg4 3. Bg2 Nd7 4. O-O Ngf6 5. h3 Bh5 6. d4 e6 7. c4 c6 8. cxd5
exd5 9. Qb3 Qb6 10. Qe3+ Be7 11. Nh4 Bg6 12. Nc3 Qd8 13. Nxg6 hxg6 14. Qd3 O-O
15. h4 Nb6 16. Rb1 a5 17. Bf4 Qd7 18. Bf3 Rfe8 19. Kg2 Qf5 20. Qxf5 gxf5 21.
Rfc1 Ne4 22. Rc2 Bf6 23. e3 Nc4 24. Nxe4 fxe4 25. Be2 b5 26. a4 Be7 27. Ra1 Bb4
28. Ra2 Re6 29. b3 Na3 30. Rc1 bxa4 31. bxa4 f5 32. h5 c5 33. dxc5 Rc8 34. Rca1
Nc4 35. Rd1 Rxc5 36. Rxd5 Rec6 37. Bxc4 Rxc4 38. Rxf5 Rc1 39. Re5 R6c4 40. g4
Rb1 41. Rg5 Be7 42. Rxa5 Rcc1 43. Bh2 Rh1 44. Rd5 Ra1 45. Rxa1 Rxa1 46. Rd4 1-0

[Event "22nd ch-EUR Indiv 2022"]
[Site "Terme Catez SLO"]
[Date "2022.03.27"]
[Round "1.91"]
[White "Herega, Nejc"]
[Black "Suleymanli, Aydin"]
[Result "0-1"]
[BlackTitle "GM"]
[WhiteElo "2185"]
[BlackElo "2525"]
[WhiteFideId "14634058"]
[BlackFideId "13413937"]
[EventDate "2022.03.27"]

1. d4 Nf6 2. c4 e6 3. Nc3 Bb4 4. e3 O-O 5. Ne2 d5 6. a3 Be7 7. cxd5 exd5 8. Nf4
c6 9. Bd3 Re8 10. O-O Bd6 11. f3 a5 12. Bc2 Qc7 13. Qd3 g6 14. g3 Bxf4 15. gxf4
Bf5 16. Qe2 Qd7 17. Re1 Na6 18. Bxf5 Qxf5 19. e4 Qd7 20. e5 Nh5 21. Be3 Qf5 22.
Qd2 f6 23. Re2 fxe5 24. fxe5 Nc7 25. Rf2 Ne6 26. Ne2 Qh3 27. Raf1 Rf8 28. Bg5
Rf5 29. f4 Kg7 30. Ng3 Nxg3 31. Bf6+ Kg8 32. hxg3 Qxg3+ 33. Rg2 Qb3 34. Rff2 Kf7
35. Rh2 h5 36. Rfg2 Nxf4 37. Rf2 Qg3+ 38. Kh1 Nh3 39. e6+ Kxf6 40. Rxf5+ Kxf5
41. Qc2+ Kf6 42. Rg2 Qe1+ 43. Kh2 Nf4 44. Rf2 Qe3 0-1

[Event "22nd ch-EUR Indiv 2022"]
[Site "Terme Catez SLO"]
[Date "2022.03.27"]
[Round "1.92"]
[White "Valsecchi, Alessio"]
[Black "Kanyamarala, Trisha"]
[Result "1-0"]
[WhiteTitle "GM"]
[BlackTitle "WIM"]
[WhiteElo "2524"]
[BlackElo "2180"]
[WhiteFideId "818860"]
[BlackFideId "45004722"]
[EventDate "2022.03.27"]

1. d4 Nf6 2. c4 e6 3. Nc3 Bb4 4. Nf3 d5 5. Qa4+ Nc6 6. a3 Bxc3+ 7. bxc3 O-O 8.
Bg5 h6 9. Bh4 g5 10. Bg3 Ne4 11. Qc2 h5 12. e3 h4 13. Be5 g4 14. Rg1 Nxe5 15.
Nxe5 Qg5 16. g3 hxg3 17. hxg3 Qf5 18. Bg2 f6 19. cxd5 exd5 20. Bxe4 dxe4 21. Nc4
b5 22. Nd2 Re8 23. Rh1 Kg7 24. Rh4 Bd7 25. Ke2 Bc6 26. Rah1 Rh8 27. Rxh8 Rxh8
28. Rxh8 Kxh8 29. Qb3 Kg7 30. Qb4 Qd7 31. Qa5 Bd5 32. Qxa7 Qc6 33. Qc5 Qxc5 34.
dxc5 Kf7 35. c4 bxc4 36. Nb1 Ke7 37. Kd2 Ke6 38. Kc3 Ke5 39. Kb4 Be6 40. Nc3 Bc8
41. Kb5 Bb7 42. a4 Ke6 43. Kxc4 Ke5 44. Kb5 f5 45. a5 Ke6 46. c6 Ba8 47. Kc5 Ke7
48. Nd5+ 1-0

[Event "22nd ch-EUR Indiv 2022"]
[Site "Terme Catez SLO"]
[Date "2022.03.27"]
[Round "1.93"]
[White "Wecker, Martin"]
[Black "Nesterov, Arseniy"]
[Result "0-1"]
[BlackTitle "GM"]
[WhiteElo "2180"]
[BlackElo "2522"]
[WhiteFideId "12931462"]
[BlackFideId "24198455"]
[EventDate "2022.03.27"]

1. d4 d5 2. c4 e6 3. Nf3 Nf6 4. g3 a6 5. Bg2 dxc4 6. O-O Nc6 7. e3 Rb8 8. Nfd2
e5 9. Bxc6+ bxc6 10. dxe5 Ng4 11. Nxc4 Be6 12. Nbd2 Bb4 13. Qc2 h5 14. b3 h4 15.
Nf3 hxg3 16. fxg3 Bc5 17. h4 Bd5 18. e6 Bxe6 19. Kg2 Qe7 20. e4 O-O 21. Ng5 Bxc4
22. Qxc4 Ne5 23. Qe2 f6 24. Nf3 Nxf3 25. Rxf3 Rb4 26. e5 fxe5 27. Bg5 Qe6 0-1

[Event "22nd ch-EUR Indiv 2022"]
[Site "Terme Catez SLO"]
[Date "2022.03.27"]
[Round "1.94"]
[White "Stefansson, Hannes"]
[Black "Laptii, Nazar"]
[Result "1-0"]
[WhiteTitle "GM"]
[WhiteElo "2520"]
[BlackElo "2180"]
[WhiteFideId "2300087"]
[BlackFideId "14174332"]
[EventDate "2022.03.27"]

1. e4 c5 2. Nf3 d6 3. d4 cxd4 4. Nxd4 Nf6 5. Nc3 g6 6. Be3 Bg7 7. f3 Nc6 8. Qd2
Bd7 9. O-O-O O-O 10. g4 Rc8 11. Kb1 Ne5 12. Be2 Qc7 13. h4 b5 14. h5 b4 15. Nd5
Nxd5 16. exd5 Nc4 17. Bxc4 Qxc4 18. Qh2 g5 19. b3 Qxd5 20. Nf5 Qxf3 21. Nxe7+
Kh8 22. h6 Be5 23. Bd4 Bxd4 24. Rxd4 Rce8 25. Re1 Qf6 26. Rxd6 Be6 27. Nd5 Qg6
28. Nc7 Re7 29. Qe5+ f6 30. Qc5 Rc8 31. Rexe6 Rxe6 32. Rxe6 Qf7 33. Qe3 1-0

[Event "22nd ch-EUR Indiv 2022"]
[Site "Terme Catez SLO"]
[Date "2022.03.27"]
[Round "1.95"]
[White "Marchesich, Giovanni"]
[Black "Budisavljevic, Luka"]
[Result "0-1"]
[BlackTitle "GM"]
[WhiteElo "2172"]
[BlackElo "2519"]
[WhiteFideId "2824790"]
[BlackFideId "960047"]
[EventDate "2022.03.27"]

1. e4 c5 2. Nf3 e6 3. d4 cxd4 4. Nxd4 Nc6 5. Nc3 Qc7 6. Be3 a6 7. g4 Nge7 8. Nb3
Ng6 9. h4 b5 10. h5 Nge5 11. f4 Nc4 12. Bxc4 bxc4 13. Nd4 Rb8 14. Nxc6 Qxc6 15.
h6 Rxb2 16. Bd4 Rg8 17. Qe2 Rb8 18. Nd5 Kd8 19. hxg7 Bxg7 20. Nf6 e5 21. Nxg8
exd4 22. O-O d3 23. cxd3 Bxa1 24. Rxa1 Qg6 25. dxc4 Qxg8 26. g5 Qg7 27. Rd1 Qc3 0-1

[Event "22nd ch-EUR Indiv 2022"]
[Site "Terme Catez SLO"]
[Date "2022.03.27"]
[Round "1.97"]
[White "Janzelj, Lara"]
[Black "Nasuta, Grzegorz"]
[Result "0-1"]
[WhiteTitle "WIM"]
[BlackTitle "GM"]
[WhiteElo "2160"]
[BlackElo "2518"]
[WhiteFideId "14608391"]
[BlackFideId "1141686"]
[EventDate "2022.03.27"]

1. d4 Nf6 2. c4 e6 3. Nf3 b6 4. g3 Bb7 5. Bg2 Be7 6. O-O O-O 7. Nc3 Ne4 8. Qc2
Nxc3 9. Qxc3 d6 10. Qc2 f5 11. d5 e5 12. Nxe5 dxe5 13. d6 Bxg2 14. dxe7 Qxe7 15.
Kxg2 Nc6 16. Qa4 Qe6 17. Rd1 f4 18. Qc2 Nd4 19. Qe4 Nxe2 20. f3 Nxc1 21. Raxc1
fxg3 22. hxg3 Rad8 23. Rd5 c6 24. Rd3 Rxd3 25. Qxd3 Qf6 26. Qe4 Rd8 27. Rc2 Rd4
28. Qe3 Qf5 29. Rd2 Rxc4 30. g4 Qf6 31. b3 Rd4 32. Rxd4 exd4 33. Qe8+ Qf8 34.
Qxc6 Qd8 35. Qc4+ Kf8 36. Qd3 h6 37. Qf5+ Kg8 38. Qd3 Qd5 39. Kg3 Kf7 40. b4 b5
41. a3 a6 42. Kf2 g6 43. Kg2 Kf6 44. Kf2 Qe5 45. Kg2 Kg5 46. Qc2 h5 47. gxh5
gxh5 48. Qc1+ Qe3 49. Qc6 Qe2+ 50. Kh3 d3 51. Qc1+ d2 52. Qc5+ Kf4 53. Qf8+ Ke3
54. Qc5+ Kd3 0-1

[Event "22nd ch-EUR Indiv 2022"]
[Site "Terme Catez SLO"]
[Date "2022.03.27"]
[Round "1.98"]
[White "Sivuk, Vitaly"]
[Black "Lavrencic, Matic"]
[Result "1-0"]
[WhiteTitle "GM"]
[WhiteElo "2518"]
[BlackElo "2159"]
[WhiteFideId "14116502"]
[BlackFideId "14637847"]
[EventDate "2022.03.27"]

1. Nf3 d5 2. g3 c5 3. Bg2 Nc6 4. d4 Nf6 5. O-O e6 6. b3 Be7 7. Bb2 O-O 8. dxc5
Bxc5 9. c4 dxc4 10. Qc2 Qe7 11. Qxc4 Bd7 12. Nbd2 Rac8 13. Rfd1 e5 14. e3 h6 15.
Ne4 Nxe4 16. Qxe4 f5 17. Qh4 Qxh4 18. Nxh4 Be6 19. Ng6 Rfe8 20. Rac1 Nb4 21. a3
Na2 22. Ra1 Bxb3 23. Bd5+ Bxd5 24. Rxd5 f4 25. gxf4 exf4 26. Rd7 1-0

[Event "22nd ch-EUR Indiv 2022"]
[Site "Terme Catez SLO"]
[Date "2022.03.27"]
[Round "1.99"]
[White "Roebers, Jan"]
[Black "Noe, Christopher"]
[Result "0-1"]
[WhiteTitle "FM"]
[BlackTitle "IM"]
[WhiteElo "2156"]
[BlackElo "2515"]
[WhiteFideId "1007815"]
[BlackFideId "24692018"]
[EventDate "2022.03.27"]

1. e4 c5 2. Nf3 e6 3. d4 cxd4 4. Nxd4 Nf6 5. Nc3 d6 6. Be3 a6 7. a4 Be7 8. Be2
Qc7 9. O-O O-O 10. f4 b6 11. Bf3 Bb7 12. Qe1 Nc6 13. Qf2 Nb4 14. f5 e5 15. Nb3
Bd8 16. a5 b5 17. Rfd1 Be7 18. Rd2 Qc4 19. Be2 Qc8 20. Bf3 Re8 21. g4 Qc4 22.
Qg2 Nxc2 23. Rxc2 Qxb3 24. Ra3 Qb4 25. g5 Nd7 26. f6 Bf8 27. fxg7 Bxg7 28. Nd5
Bxd5 29. exd5 e4 30. Bd1 Ne5 31. Qd2 Qxd2 32. Bxd2 Nc4 33. Ra2 Re5 34. b3 Nxd2
35. Rxd2 Rxg5+ 36. Kf2 Bc3 37. Re2 Bd4+ 38. Ke1 Rg1+ 39. Kd2 f5 40. Rc2 Bc5 41.
Kc1 Kf7 0-1

[Event "22nd ch-EUR Indiv 2022"]
[Site "Terme Catez SLO"]
[Date "2022.03.27"]
[Round "1.100"]
[White "Zelcic, Robert"]
[Black "Monpeurt, Cyrielle"]
[Result "1/2-1/2"]
[WhiteTitle "GM"]
[BlackTitle "WFM"]
[WhiteElo "2513"]
[BlackElo "2156"]
[WhiteFideId "14500310"]
[BlackFideId "677400"]
[EventDate "2022.03.27"]

1. d4 Nf6 2. Nc3 d5 3. Bg5 Bf5 4. Bxf6 gxf6 5. e3 e6 6. Bd3 Bg6 7. h4 Nd7 8.
Nge2 c6 9. h5 Bxd3 10. Qxd3 f5 11. O-O-O Qc7 12. f3 O-O-O 13. Kb1 Kb8 14. Rdf1
Nb6 15. e4 fxe4 16. fxe4 Bh6 17. exd5 Nxd5 18. Nxd5 Rxd5 19. Nc3 Rd7 20. Qe2 Bg7
21. Ne4 Bxd4 22. c3 Be5 23. Ng5 f6 24. Nxe6 Qb6 25. Ka1 c5 26. Ng5 Re7 27. Ne4
Rhe8 28. Qc2 Qc6 29. a3 Rg7 30. Re1 Reg8 31. Re2 f5 32. Nf2 Rxg2 33. Rf1 Rg1 34.
Rfe1 Rxe1+ 35. Rxe1 Bg3 36. Qxf5 Qg2 37. Qf7 Bxf2 38. Re8+ Rxe8 39. Qxe8+ Kc7
40. Qf7+ Kd6 41. Qxh7 Qh1+ 42. Ka2 Qd5+ 43. Ka1 Be3 44. Qg6+ Qe6 45. Qd3+ Kc6
46. Qf1 a6 47. Qh1+ Kb6 48. Qd1 Bh6 49. Qh1 Qe3 50. Ka2 Qg5 51. Qf3 Ka7 52. Qd1
Qd2 53. Qf3 Be3 54. Qh1 Qd6 55. Ka1 Kb6 56. Qf3 Bh6 57. Ka2 Kc7 58. Ka1 b5 59.
Qf5 Kb6 60. Ka2 a5 61. Qe4 Qf6 62. Qe8 Bf4 63. Qe4 Qd6 64. Qf5 b4 65. cxb4 cxb4
66. axb4 axb4 67. Kb3 Be5 68. Qe4 Qe6+ 69. Qc4 Qxc4+ 70. Kxc4 Ka5 71. b3 Bc3 72.
h6 Kb6 73. h7 Ka5 74. Kc5 1/2-1/2

[Event "22nd ch-EUR Indiv 2022"]
[Site "Terme Catez SLO"]
[Date "2022.03.27"]
[Round "1.101"]
[White "Krzywda, Andrzej"]
[Black "Gavrilescu, David"]
[Result "1/2-1/2"]
[WhiteTitle "CM"]
[BlackTitle "IM"]
[WhiteElo "2152"]
[BlackElo "2512"]
[WhiteFideId "1114565"]
[BlackFideId "1227190"]
[EventDate "2022.03.27"]

1. d4 d5 2. Nf3 Nf6 3. g3 c5 4. Bg2 cxd4 5. O-O h6 6. b3 e6 7. Bb2 Be7 8. Nxd4
O-O 9. c4 dxc4 10. bxc4 e5 11. Nb5 Nc6 12. N1c3 Qa5 13. a4 Bg4 14. Nd5 Rad8 15.
Bc3 Bb4 16. Bxb4 Nxb4 17. Qd2 Nfxd5 18. cxd5 a6 19. Rfb1 axb5 20. axb5 Qxb5 21.
Qxb4 Qxb4 22. Rxb4 Bxe2 23. Re1 Ba6 24. Rxe5 Rd6 25. Re7 Rc8 26. h4 Kf8 27. Re3
Rc1+ 28. Kh2 Rc4 29. Rb1 g5 30. hxg5 hxg5 31. Re5 Rf6 32. d6 Rd4 33. Bxb7 Bxb7
34. Rxb7 Rxf2+ 35. Kg1 Ra2 36. Rb8+ Kg7 37. Rbe8 Rd1+ 38. Re1 Rxd6 39. R1e2 Rdd2
40. Rxd2 Rxd2 41. Re3 Kg6 42. Rf3 Rb2 43. Rf1 Rc2 44. Rf3 Re2 45. Rf1 f5 46. Ra1
Kf6 47. Ra5 Rd2 48. Rb5 g4 49. Ra5 Ke6 50. Rb5 Rd5 51. Rb2 Rd3 52. Kf2 Ke5 53.
Ra2 Rf3+ 54. Kg2 Rc3 55. Kf2 Kd4 56. Rb2 Kd3 57. Ra2 Rb3 58. Ra5 Rb2+ 59. Kg1
Ke4 60. Ra4+ Ke3 61. Ra3+ Kd4 62. Ra4+ Ke5 63. Ra5+ Ke6 64. Ra6+ Ke5 65. Ra5+
Kf6 66. Ra6+ Kg5 67. Rc6 Ra2 68. Rb6 Ra5 69. Kg2 f4 70. gxf4+ Kxf4 71. Rb4+ Kg5
72. Rb8 Ra2+ 73. Kg3 Ra3+ 74. Kg2 g3 75. Rg8+ Kf5 76. Rxg3 Rxg3+ 77. Kxg3 1/2-1/2

[Event "22nd ch-EUR Indiv 2022"]
[Site "Terme Catez SLO"]
[Date "2022.03.27"]
[Round "1.102"]
[White "Kobo, Ori"]
[Black "Lorscheid, Gerhard"]
[Result "1-0"]
[WhiteTitle "GM"]
[BlackTitle "FM"]
[WhiteElo "2510"]
[BlackElo "2150"]
[WhiteFideId "2812320"]
[BlackFideId "4606000"]
[EventDate "2022.03.27"]

1. d4 d6 2. e4 Nf6 3. Nc3 g6 4. Nf3 c6 5. Be3 Nbd7 6. Qd2 e5 7. O-O-O Qe7 8. h3
Bg7 9. Bh6 Bxh6 10. Qxh6 Ng8 11. Qe3 Ngf6 12. a4 b6 13. d5 c5 14. g4 a6 15. Be2
Kd8 16. Nd2 h5 17. Nc4 Kc7 18. Rdf1 Bb7 19. f4 Raf8 20. fxe5 Nxe5 21. Qg5 Nxc4
22. Bxc4 Ng8 23. Qxe7+ Nxe7 24. g5 h4 25. Rf6 Ng8 26. Rf3 f5 27. exf5 Rxf5 28.
Re3 Rxg5 29. Re8 Bc8 30. Ne4 Re5 31. Nxd6 Rxe8 32. Nxe8+ Kd7 33. Re1 Rh7 34. d6
Kc6 35. Bxg8 Rh8 36. Re7 1-0

[Event "22nd ch-EUR Indiv 2022"]
[Site "Terme Catez SLO"]
[Date "2022.03.27"]
[Round "1.103"]
[White "Katkov, Michelle"]
[Black "Sebenik, Matej"]
[Result "0-1"]
[WhiteTitle "WFM"]
[BlackTitle "GM"]
[WhiteElo "2149"]
[BlackElo "2510"]
[WhiteFideId "2816393"]
[BlackFideId "14602296"]
[EventDate "2022.03.27"]

1. e4 e6 2. d4 d5 3. Nd2 c5 4. exd5 exd5 5. Ngf3 Nc6 6. Bb5 Qe7+ 7. Qe2 Qxe2+ 8.
Kxe2 a6 9. Bxc6+ bxc6 10. dxc5 Bxc5 11. Nb3 Bd6 12. Be3 a5 13. Bc5 Kd7 14. Bb6
Ba6+ 15. Kd1 Nf6 16. Bxa5 Rhe8 17. Nfd2 Ng4 18. Bb6 c5 19. Bxc5 Bxc5 20. Nxc5+
Kd6 21. Ndb3 Nxf2+ 22. Kd2 Re2+ 23. Kc3 Nxh1 24. Rxh1 Rxg2 25. a4 Rc8 26. Kb4
Rg4+ 27. Ka5 Rxc5+ 28. Nxc5 Kxc5 29. Kxa6 Rxa4+ 30. Kb7 Rb4+ 31. Kc7 Rxb2 32.
Rc1 d4 0-1

[Event "22nd ch-EUR Indiv 2022"]
[Site "Terme Catez SLO"]
[Date "2022.03.27"]
[Round "1.104"]
[White "Brunello, Sabino"]
[Black "Horvat, Damjan"]
[Result "1-0"]
[WhiteTitle "GM"]
[WhiteElo "2508"]
[BlackElo "2145"]
[WhiteFideId "813613"]
[BlackFideId "14545535"]
[EventDate "2022.03.27"]

1. e4 c5 2. Nf3 d6 3. Bb5+ Bd7 4. Bxd7+ Qxd7 5. O-O e6 6. c4 Nc6 7. d4 cxd4 8.
Nxd4 Nf6 9. Nc3 Be7 10. b3 O-O 11. Bb2 Rfd8 12. Re1 Bf8 13. Qd3 Nxd4 14. Qxd4 a6
15. a4 Qc6 16. Re3 d5 17. Rg3 Kh8 18. exd5 exd5 19. Rd1 Bc5 20. Qd3 Qb6 21. Nxd5
Bxf2+ 22. Kf1 Rxd5 23. cxd5 Bxg3 24. Qxg3 Rd8 25. d6 Qc5 26. Bxf6 gxf6 27. Qf4
Qe5 28. g3 Kg7 29. Qg4+ Qg5 30. Qf3 Qe5 31. d7 Qc7 32. Qg4+ Kf8 33. Qb4+ Kg7 34.
Rd6 Qc1+ 35. Kg2 Qc2+ 36. Kh3 Qf5+ 37. Qg4+ Qg6 38. Qf3 b5 39. a5 Qg5 40. b4 Qe5
41. Qg4+ Kf8 42. Rxa6 Rxd7 43. Rxf6 Qxf6 44. Qxd7 Qf1+ 45. Kh4 Qf6+ 46. Kg4 h5+
47. Kxh5 Qg6+ 48. Kh4 f6 49. Qxb5 Qe4+ 50. g4 Qh7+ 51. Qh5 Qe4 52. Qf5 Qe1+ 53.
Kh5 Qe8+ 54. Kh6 Ke7 55. Qe4+ 1-0

[Event "22nd ch-EUR Indiv 2022"]
[Site "Terme Catez SLO"]
[Date "2022.03.27"]
[Round "1.105"]
[White "Veleski, Robert"]
[Black "Vetoshko, Volodymyr"]
[Result "0-1"]
[WhiteTitle "FM"]
[BlackTitle "GM"]
[WhiteElo "2136"]
[BlackElo "2507"]
[WhiteFideId "15001008"]
[BlackFideId "14122480"]
[EventDate "2022.03.27"]

1. d4 Nf6 2. Nf3 c5 3. d5 b5 4. Bg5 Na6 5. Bxf6 exf6 6. e4 Nc7 7. Be2 d6 8. O-O
g6 9. a4 b4 10. c4 Bg7 11. Ra2 O-O 12. Nbd2 f5 13. exf5 Bxf5 14. Nb3 Ne8 15. Bd3
Bd7 16. Nbd2 f5 17. a5 Nf6 18. Bc2 Bh6 19. Qb1 Re8 20. Re1 Rxe1+ 21. Qxe1 Qf8
22. Ra1 Re8 23. Qf1 Ne4 24. Qd1 Qg7 25. Ba4 Nxd2 26. Nxd2 Bxd2 27. Bxd7 Re1+ 28.
Qxe1 Bxe1 29. Be6+ Kf8 30. Rxe1 Qxb2 31. Bd7 Qd2 32. Re8+ Kg7 33. h4 b3 0-1

[Event "22nd ch-EUR Indiv 2022"]
[Site "Terme Catez SLO"]
[Date "2022.03.27"]
[Round "1.106"]
[White "Blohberger, Felix"]
[Black "Giacomini, Hector"]
[Result "1-0"]
[WhiteTitle "GM"]
[WhiteElo "2504"]
[BlackElo "2129"]
[WhiteFideId "1632051"]
[BlackFideId "605352"]
[EventDate "2022.03.27"]

1. e4 c6 2. Nf3 d5 3. Nc3 Bg4 4. h3 Bh5 5. exd5 cxd5 6. g4 Bg6 7. Ne5 Nc6 8. d4
e6 9. h4 f6 10. Nxc6 bxc6 11. h5 Bf7 12. Bf4 Bd6 13. Bxd6 Qxd6 14. Qd2 Ne7 15.
O-O-O Rb8 16. Na4 O-O 17. Nc5 e5 18. c3 h6 19. Bd3 Nc8 20. Bf5 Nb6 21. b3 a5 22.
f4 exf4 23. Rhf1 Rfe8 24. Qxf4 Qxf4+ 25. Rxf4 Re2 26. a4 Nc8 27. Bd7 Be8 28.
Bxc8 Rxc8 29. Rd2 Re7 30. Kd1 Bd7 31. Re2 Rce8 32. Rxe7 Rxe7 33. b4 axb4 34.
cxb4 Bc8 35. b5 cxb5 36. axb5 Kf7 37. b6 g5 38. hxg6+ Kxg6 39. Kd2 Kg5 40. Rf1
Kxg4 41. Ra1 h5 42. Ra8 Bb7 43. Ra7 h4 44. Rxb7 Rxb7 45. Nxb7 h3 46. Nc5 h2 47.
b7 h1=Q 48. b8=Q Qg2+ 49. Kc3 Qa2 50. Qg8+ Kf3 51. Nb3 f5 52. Qxd5+ Kg4 53. Qg8+
Kf4 54. d5 Qa7 55. Qe6 1-0

[Event "22nd ch-EUR Indiv 2022"]
[Site "Terme Catez SLO"]
[Date "2022.03.27"]
[Round "1.107"]
[White "Olenik Campa, Rudi"]
[Black "Druska, Juraj"]
[Result "0-1"]
[WhiteTitle "CM"]
[BlackTitle "IM"]
[WhiteElo "2112"]
[BlackElo "2503"]
[WhiteFideId "14633264"]
[BlackFideId "14915650"]
[EventDate "2022.03.27"]

1. e4 c5 2. Nf3 e6 3. c4 Nc6 4. Be2 e5 5. d3 g6 6. Bg5 f6 7. Bd2 Bg7 8. h4 h5 9.
Na3 d6 10. Nc2 a5 11. b3 Nh6 12. a3 O-O 13. Qc1 Kh7 14. Ne3 Be6 15. Rb1 b6 16.
Bd1 Qd7 17. Nd5 Bxd5 18. cxd5 Nd4 19. Nxd4 exd4 20. Bf3 f5 21. Qd1 Rae8 22. Bxh6
Bxh6 23. Kf1 f4 24. g3 fxg3 25. fxg3 Rxf3+ 26. Qxf3 Rf8 27. Qxf8 Bxf8 28. Kg2
Qg4 29. Rbf1 Bg7 0-1

[Event "22nd ch-EUR Indiv 2022"]
[Site "Terme Catez SLO"]
[Date "2022.03.27"]
[Round "1.108"]
[White "Wieczorek, Oskar"]
[Black "Goroshkov, Maksym"]
[Result "1/2-1/2"]
[WhiteTitle "GM"]
[WhiteElo "2500"]
[BlackElo "2111"]
[WhiteFideId "1133950"]
[BlackFideId "14142716"]
[EventDate "2022.03.27"]

1. d4 Nf6 2. Nf3 d6 3. c4 g6 4. Nc3 Bg7 5. e4 O-O 6. Be2 c6 7. O-O Bg4 8. Be3
Nbd7 9. h3 Bxf3 10. Bxf3 Qc7 11. Rc1 e5 12. d5 c5 13. a3 Ne8 14. Qd3 f5 15. b4
f4 16. Bd2 h5 17. Na4 b6 18. Rb1 Ndf6 19. Nc3 g5 20. Qe2 Qf7 21. g4 fxg3 22.
fxg3 Qg6 23. g4 hxg4 24. Bxg4 Nxg4 25. Rxf8+ Bxf8 26. Qxg4 Nf6 27. Qxg5 Qxg5+
28. Bxg5 cxb4 29. Rxb4 Nh7 30. Be3 Be7 31. Kf2 Bg5 32. Rb1 Kf7 33. Nb5 Be7 34.
Ke2 Nf6 35. Rf1 a6 36. Nc3 Rh8 37. Rf3 Bd8 38. Kd3 Ke8 39. Ne2 Nd7 40. Bf2 Bh4
41. Be3 Bd8 42. Nc3 Rh7 43. Na2 Nc5+ 44. Bxc5 bxc5 45. Nc3 Kd7 46. Nd1 Bg5 47.
Nf2 Bf4 48. Ke2 Rh4 49. Ng4 Kc7 50. Rb3 Rh8 51. a4 Rh4 52. a5 Bg5 53. Kf2 Bd2
54. Kg3 Be1+ 55. Kg2 Bxa5 56. Rf3 1/2-1/2

[Event "22nd ch-EUR Indiv 2022"]
[Site "Terme Catez SLO"]
[Date "2022.03.27"]
[Round "1.110"]
[White "Maurizzi, Marc'Andria"]
[Black "Hulka, Valentyn"]
[Result "1-0"]
[WhiteTitle "GM"]
[WhiteElo "2493"]
[BlackElo "2105"]
[WhiteFideId "36083534"]
[BlackFideId "34107061"]
[EventDate "2022.03.27"]

1. d4 d5 2. c4 e6 3. Nc3 a6 4. cxd5 exd5 5. Nf3 Nf6 6. Bg5 Be6 7. Bxf6 Qxf6 8.
Qb3 Ra7 9. a3 Qd8 10. Qc2 Be7 11. e4 O-O 12. Bd3 dxe4 13. Bxe4 h6 14. O-O-O Nd7
15. Bh7+ Kh8 16. Bf5 Bxf5 17. Qxf5 Ra8 18. Ne5 Nf6 19. g4 Qc8 20. Qf3 Nd7 21.
Nd5 Nxe5 22. dxe5 Qe6 23. Qf5 Bc5 24. Qxe6 fxe6 25. Nxc7 Rac8 26. Nxe6 Bxf2+ 27.
Kb1 Rfe8 28. Nf4 Be3 29. Nd3 Rcd8 30. Rhe1 Bd4 31. e6 Bf6 32. Nc5 Rxd1+ 33. Rxd1
b6 34. Nxa6 Rxe6 35. Rd3 Re2 36. Rb3 Rxh2 37. Rxb6 Rg2 38. Rb4 Be7 39. Re4 Bf6
40. b4 Rb2+ 41. Kc1 Ra2 42. Re3 Bb2+ 43. Kb1 Rxa3 44. Re8+ Kh7 45. Kxb2 Rxa6 46.
Re5 Rg6 47. Re4 Rg5 48. Kc3 Kg6 49. Kc4 h5 50. gxh5+ Rxh5 51. b5 Rh8 52. b6 Kf5
53. Re7 g5 54. Kd5 g4 55. b7 Rd8+ 56. Kc6 g3 57. Rg7 Kf4 58. Kc7 Rf8 59. Kb6
Rf6+ 60. Ka5 Rf5+ 61. Ka4 Rf8 62. Rf7+ Rxf7 63. b8=Q+ Kf5 64. Qxg3 Re7 65. Kb5
Re4 66. Kc5 Re5+ 67. Kd6 Re6+ 68. Kd5 Rf6 69. Qh3+ Kg6 70. Ke5 Rf7 71. Qg4+ Kh7
72. Qh5+ Kg7 73. Qg5+ Kh7 74. Ke6 Rg7 75. Qh5+ Kg8 76. Kf6 Ra7 77. Qg4+ Kh7 78.
Qh3+ Kg8 79. Qb3+ 1-0

[Event "22nd ch-EUR Indiv 2022"]
[Site "Terme Catez SLO"]
[Date "2022.03.27"]
[Round "1.111"]
[White "Greicius, Pijus"]
[Black "Saraci, Nderim"]
[Result "1-0"]
[BlackTitle "IM"]
[WhiteElo "2100"]
[BlackElo "2488"]
[WhiteFideId "12819093"]
[BlackFideId "6351921"]
[EventDate "2022.03.27"]

1. d4 Nf6 2. c4 g6 3. Nc3 Bg7 4. e4 d6 5. Be2 O-O 6. Bg5 c6 7. Qd2 Qa5 8. Nf3
Nbd7 9. a3 e5 10. b4 Qc7 11. dxe5 Nxe5 12. Nxe5 dxe5 13. Rd1 Be6 14. O-O Rfd8
15. Qe3 Rd4 16. Qf3 Nd7 17. Be3 Rxd1 18. Rxd1 Nb6 19. c5 Nc4 20. Bg5 b5 21. a4
a6 22. a5 Re8 23. Bf6 h6 24. Bxc4 Bxc4 25. Bxg7 Kxg7 26. Rd6 Re6 27. Rd1 Re8 28.
Rd6 Re6 29. Rd2 Qe7 30. Nd1 Rf6 31. Qe3 g5 32. Nb2 Ba2 33. Qd3 Qe6 34. Nd1 Rf4
35. g3 Bc4 36. Qb1 Qh3 37. Ne3 Rf6 38. Qd1 Be6 39. Qa1 Qh5 40. Qxe5 Qf3 41. Nf5+
Bxf5 42. exf5 Qxf5 43. Qxf5 Rxf5 44. Rd7 Re5 45. Ra7 Re4 46. Rxa6 Rxb4 47. Rxc6
Ra4 48. a6 b4 49. Rb6 b3 50. c6 b2 51. Rxb2 Rxa6 52. Rc2 Ra8 53. c7 Rc8 54. g4
Kf6 55. Kg2 Ke5 56. Kf3 Kd4 57. Rc1 Ke5 58. Ke3 Kd5 59. Kd3 Ke5 60. Ke3 Kd5 61.
h3 Re8+ 62. Kd3 Rc8 63. Rc2 Ke5 64. Rc5+ Kd6 65. Kd4 Rxc7 66. Rxc7 Kxc7 67. Ke5
Kd7 68. Kf6 Ke8 69. Kg7 Ke7 70. Kxh6 f6 71. Kg7 Ke6 72. Kg6 Ke5 73. Kf7 f5 74.
Kg6 fxg4 75. hxg4 Kf4 76. Kh5 1-0